| 000 | 00397nam a2200145Ia 4500 | ||
|---|---|---|---|
| 008 | 230711s9999||||xx |||||||||||||| ||und|| | ||
| 041 | _aENG | ||
| 082 |
_a624 _bCA-C |
||
| 100 | _aCadd Center Traning Prt | ||
| 245 | 0 | _aFundation 2000 project workbook civil/Architecture | |
| 250 | _a1st Ed. | ||
| 260 |
_c2001 _aNew Delhi _bCadd Center Traning Pvt Ltd |
||
| 650 | _aCivil Engineering | ||
| 942 | _cBK | ||
| 999 |
_c4041 _d4041 |
||